(G)I-DLE Songs Quiz - Statistics

General Stats
  • This quiz has been taken 585 times
    457 since last reset
  • The average score is 34 of 59
Answer Stats
Answers % Correct
LATATA
92%
Nxde
92%
Queencard
91%
TOMBOY
91%
HWAA
88%
Oh My God
88%
Super Lady
86%
Senorita
82%
Allergy
80%
I Want That
79%
LION
78%
Doll
69%
I DO
68%
MY BAG
66%
Fate
65%
Wife
64%
Change
63%
DAHLIA
63%
Love
63%
Eyes Roll
61%
HANN (Alone)
61%
Peter Pan
61%
Revenge
59%
Rollie
59%
Lucid
56%
Moon
56%
Uh-Oh
56%
7Days
54%
Dark (X-File)
54%
MAZE
54%
All Night
53%
Polaroid
53%
Tall Trees
53%
DUMDi DUMDi
51%
Escape
51%
Luv U
51%
Sculpture
51%
What's in Your House?
51%
VILLAIN DIES
50%
Paradise
49%
Maybe
48%
Liar
46%
Never Stop Me
46%
HANN (Alone in Winter)
45%
Lost
45%
Already
44%
Dollar
44%
Flip It
44%
Reset
44%
Put It Straight
43%
Vision
43%
Where Is Love
41%
What's Your Name
40%
Blow Your Mind
39%
i'M THE TREND
39%
DON'T TEXT ME
35%
Hear Me
35%
Give Me Your
34%
Last Dance
28%
No matching quizzes found
Score Distribution
Percent of People with Each Score
Percentile by Number Answered
Your Score History
You have not taken this quiz since the last reset